Využitie mediácie zo zákona v školách - fázy mediácie mediátor - mediačné fázy - dohoda

Bibliographic Details
Main Author: Švehláková, Bronislava (Author)
Format: Article
Language:Slovak
ISSN:1336-9849
Subjects:

MARC

LEADER 00000nab a2200000 4500
001 vtls012007194
003 SK-MaSNL
005 20260303095918.0
008 201203|2020 xo |||| ||an ||00 0|slo
015 |a SNBRB2020/12 
040 |a SPKCL  |b slo  |e rda 
041 |a slo  |b slo 
044 |a xo  |c SK 
072 7 |a 364  |x Sociálne problémy vyžadujúce podporu a pomoc. Sociálne zabezpečenie  |2 konspekt 
072 7 |a 37  |x Výchova a vzdelávanie  |2 konspekt 
080 |a 364-78  |2 2011 
080 |a 373/378  |2 2011 
100 1 |a Švehláková, Bronislava  |4 aut  |9 1109146 
245 1 0 |a Využitie mediácie zo zákona v školách - fázy mediácie  |b mediátor - mediačné fázy - dohoda  |c Bronislava Švehláková 
336 |a text  |b txt  |2 rdacontent 
337 |a bez média  |b n  |2 rdamedia 
338 |a zväzok  |b nc  |2 rdacarrier 
546 |a Slovenské resumé 
650 0 7 |a mediácia  |2 SNKPH  |9 25067 
650 0 7 |a školy  |2 SNKPH  |9 1276 
773 0 |t Manažment školy v praxi : odborný mesačník pre manažment škôl, školských a predškolských zariadení  |g Roč. 15, č. 11 (2020), s. 22-24  |x 1336-9849 
999 |c 1827240  |d 1829170